MARC

LEADER 00000nam^a2200000^a^4500
001 000184493
005 20250521000000.0
009 20260310102116.153
037 |a Acervo ITESO - Biblioteca 
041 |a ESP 
082 |a 347. 72532  |b DOM 
100 |a Domínguez del Río, Alfredo  |e (autor) 
245 1 3 |a La administración de justicia en México :  |b 1972-1972 /  |c A. Domínguez del Río. 
264 |a México:  |b Impulso Procesal,  |c fecha no identificada 
300 |a 214 p. 
336 |a texto  |b txt  |2 rdacontenido 
337 |a sin mediación  |b n  |2 rdamedio 
338 |a volumen  |b nc  |2 rdasoporte 
649 |a XX 
650 |a Policía -  |z México (Ciudad) -  |x Aspectos Jurídicos 
650 |a Policía -  |z México -  |x Aspectos Jurídicos 
650 |a Tribunales -  |z México (Ciudad) 
650 |a Tribunales -  |z México 
650 |a Derecho Procesal Penal -  |z México (Ciudad) 
650 |a Derecho Procesal Penal -  |z México 
650 |a Justicia -  |x Administración -  |z México (Ciudad) 
650 |a Justicia -  |x Administración -  |z México 
650 |a Demagogia -  |z México (Ciudad) 
650 |a Demagogia -  |z México 
650 |a Problemas Sociales -  |z México (Ciudad) 
650 |a Problemas Sociales -  |z México 
650 |a Criminología -  |z México (Ciudad) 
650 |a Criminología -  |z México 
650 |a Poder Judicial -  |z México (Ciudad) -  |x Administración 
650 |a Poder Judicial -  |z México -  |x Administración 
650 |a Derecho Penal -  |z México (Ciudad) 
650 |a Derecho Penal -  |z México 
650 |a Derecho Público -  |z México (Ciudad) 
650 |a Derecho Público -  |z México 
910 |a Fondo General 
920 |a Impresos - Libros 
930 |a Colección General 
905 |a 101 
901 |a 0500125327  |b IT1  |c ACC  |u 20250521 
902 |a https://opac.biblio.iteso.mx/vufind/Record/000184493